Union States in the U.S. Civil War - Sudden Death - Statistics

General Stats
  • This quiz has been taken 377 times
    260 since last reset
  • The average score is 9 of 19
Answers on the Grid
Answers color-coded by a green-red scale on the quiz's grid according to % correct below.
Alabama
Alaska
Arizona
Arkansas
California
Colorado
Georgia
Idaho
Illinois
Indiana
Iowa
Kansas
Kentucky
Maine
Maryland
Massachusetts
Minnesota
Mississippi
Montana
Nevada
New Hampshire
New Jersey
New York
Ohio
Oklahoma
Oregon
Pennsylvania
Rhode Island
Vermont
Washington
Wisconsin
Wyoming
 
Answer Stats
Answer % Correct
New York
67%
Pennsylvania
66%
Illinois
64%
Massachusetts
63%
Maine
60%
New Hampshire
59%
New Jersey
59%
Rhode Island
58%
Ohio
56%
Vermont
55%
Indiana
54%
Maryland
53%
California
47%
Iowa
37%
Wisconsin
37%
Minnesota
34%
Kansas
28%
Oregon
19%
Nevada
6%
No matching quizzes found
Score Distribution
Percent of People with Each Score
Percentile by Number Answered
Your Score History
You have not taken this quiz since the last reset